000 00589nam a2200217Ia 4500
003 OSt
005 20220928135920.0
006 a|||||r|||| 00| 0
007 ta
008 220927b |||||||| |||| 00| 0 eng d
024 _a5526
037 _cTextual
040 _aSDCL
_cSDCL
_beng
041 _2eng
_aeng
082 _aO-,2J64:g, N6
100 _aMaguire Laurie E
_9493212
245 0 _aShakespearean suspect texts
_b The 'bad' quartos and their contexts.
260 _c1996
942 _hO-,2J64:g, N6
_cTEXL
_2CC
999 _c808984
_d808984